Statistika spoljne trgovine SFR Jugoslavije za 1986. godinu
Na minha lista:
| Formato: | Livro |
|---|---|
| Idioma: | croata |
| Publicado em: |
Beograd
Savezni zavod za statistiku
1987
|
| Edição: | 1. izd. |
| Tags: |
Sem tags, seja o primeiro a adicionar uma tag!
|
MARC
| LEADER | 00000nam a2200000 4500 | ||
|---|---|---|---|
| 001 | c024265 | ||
| 005 | 20221219133527.6 | ||
| 041 | 0 | |a hrv | |
| 044 | |a HR | ||
| 245 | 1 | 0 | |a Statistika spoljne trgovine SFR Jugoslavije za 1986. godinu |
| 250 | |a 1. izd. | ||
| 264 | 1 | |a Beograd |b Savezni zavod za statistiku |c 1987 | |
| 300 | |a 808 s. | ||